Counties of England - Sudden Death - Statistics

General Stats
  • This quiz has been taken 237 times
  • The average score is 30 of 48
Answers on the Grid
Answers color-coded by a green-red scale on the quiz's grid according to % correct below.
Antrim
Bedfordshire
Berkshire
Borsetshire
Buckinghamshire
Buckland
Caithness
Cambridgeshire
Cheshire
City of Bristol
City of London
Cornwall
Cumberland
Cumbria
Derbyshire
Devon
Dorset
Durham
East Sussex
East Yorkshire
Essex
Flintshire
Gloucestershire
Greater London
Greater Manchester
Guernsey
Gwent
Hampshire
Herefordshire
Hertfordshire
Isle of Wight
Isles of Scilly
Kent
Lanarkshire
Lancashire
Leicestershire
Limerick
Lincolnshire
Longford
Merseyside
Montgomeryshire
Norfolk
Normandy
North Yorkshire
Northamptonshire
Northumberland
Nottinghamshire
Orange
Oxfordshire
Perthshire
Rutland
Shropshire
Somerset
South Glamorgan
South Yorkshire
Staffordshire
Suffolk
Surrey
Sutherland
The Shire
Tyne and Wear
Warwickshire
Waterford
Wessex
West Glamorgan
West Midlands
West Sussex
West Yorkshire
Wiltshire
Worcestershire
 
Answer Stats
Answer % Correct
Bedfordshire
85%
Buckinghamshire
83%
Berkshire
81%
Cambridgeshire
81%
Cornwall
80%
Cheshire
76%
Essex
75%
City of London
72%
Devon
70%
Gloucestershire
69%
Derbyshire
68%
Dorset
68%
Leicestershire
66%
City of Bristol
64%
Kent
64%
Northumberland
64%
Nottinghamshire
63%
Oxfordshire
63%
Suffolk
63%
Cumbria
62%
East Sussex
62%
East Yorkshire
62%
Hampshire
62%
Lincolnshire
62%
Hertfordshire
61%
Norfolk
61%
Staffordshire
61%
Lancashire
60%
Surrey
60%
Durham
59%
Herefordshire
59%
Somerset
59%
Greater London
58%
Greater Manchester
57%
Warwickshire
57%
Northamptonshire
56%
North Yorkshire
56%
Shropshire
56%
South Yorkshire
56%
Tyne and Wear
55%
West Midlands
55%
West Sussex
55%
Worcestershire
55%
Merseyside
53%
Isle of Wight
52%
West Yorkshire
52%
Rutland
51%
Wiltshire
51%
No matching quizzes found
Score Distribution
Percent of People with Each Score
Percentile by Number Answered
Your Score History
You have not taken this quiz